01788nam a2200361 i 4500001000700000003000900007005001700016008004100033015001000074017005500084020001800139035002100157035002300178040002900201080004100230080004000271110005500311245023400366264020900600300006900809336003500878337003000913338002400943500008900967600004001056655004001096700004001136700003201176700003101208700002601239710006001265852010101325196267ES-MaACL20250708181336.0240823s2022 sp a | ||||o000 0dspa  aMON23 aGC 606-2022bOficina Depósito Legal Gran Canaria a9788479478193 a(SpMaBN)a7258167 a991048152129708606 aSpMaBNbspacSpMaBNerda a929 Saint-Saëns, Camille (083.824) a78 Saint-Saëns, Camille (083.824)2 aCasa-Museo de Colón (Las Palmas de Gran Canaria)00aCamille Saint-Saëns en Gran Canaria :bCasa de Colón, Las Palmas de Gran Canaria, 2022 / ccomisario, Dionisio Rodríguez Suárez ; textos, Marie-Gabrielle Soret, Stéphane Leteuré, Pierre Ickowicz, Dionisio Rodríguez. 1aLas Palmas de Gran Canaria :bInstituto Canario de Desarrollo Cultural S.A., Dirección General de Patrimonio Cultural, Viceconsejería de Cultura y Patrimonio Cultural del Gobierno de Canarias, c2022. a79 páginas :bilustraciones (blanco y negro y color) ;c24 cm. aTextoaImagen fija2rdacontent asin mediación2rdamedia avolumen2rdacarrier aExposición celebrada en la Casa de Colón, en las Palmas de Gran Canaria en 2022.04aSaint-Saëns, Camille, d1835-1921 7aCatálogos de exposiciones2tgfbne aRodríguez Suárez, Dionisioeorm aSoret, Marie-Gabrielleeaut aLeteuré, Stéphaneeaut aIckowicz, Pierreeaut2 aCasa-Museo de Colón (Las Palmas de Gran Canaria)ehis aES-MaACLbR.154473cDEPOJjN-9321hDonación: EditorialxEncuadernación rústica con solapas